RAF Countries in the Battle of Britain - Statistics

General Stats
  • This quiz has been taken 106 times
  • The average score is 10 of 15
Answer Stats
# Answer % Correct
13 France
98%
2,341 United Kingdom
98%
112 Canada
94%
9 United States
92%
32 Australia
91%
127 New Zealand
91%
145 Poland
91%
25 South Africa
76%
10 Ireland
74%
28 Belgium
67%
88 Czechoslovakia
55%
1 Jamaica
44%
1 Barbados
34%
1 Newfoundland
21%
3 Southern Rhodesia
5%
No matching quizzes found
Score Distribution
Percent of People with Each Score
Percentile by Number Answered
Your Score History
You have not taken this quiz